000 01624nam0a2200397 4500
001 RU\NLR\bibl\906707
005 20250614182040.0
010 _a5-87865-295-1
_bв обл.
_9150
021 _aRU
_b2005-77888
_93841
035 _a(nilc)RSL-KNO-002775680
035 _a(NLR Aleph) 000895087
090 _a1742558
_c1742558
100 _a20051201d2004 |||y0rusy50 ca
101 0 _arus
102 _aRU
105 _ay |||||||||
106 _ar
200 1 _aКонтекст и интерпретация текста
_e(проза рус. космизма)
_e[монография]
_fО. А. Машкина
_gВост. ин-т экономики, гуманитар. наук, упр. и права
210 _aУфа
_aНовокузнецк
_cВост. ун-т
_d2004
_gТип. изд-ва
215 _a142, [1] с.
_d20
320 _aБиблиогр. в примеч. (122 назв.)
600 1 _aПришвин
_bМ. М.
_f1873 - 1954
_gМихаил Михайлович
_xТворческий метод
_92414938
_3RU\NLR\auth\661438566
606 1 _aКосмизм
_xв литературе
_yРоссия
_92414932
_3RU\NLR\AUTH\661438563
610 0 _aрусский космизм
686 2 _aШ5(2=Р)7-328
686 1 _aШ5(2=Р)7-4Пришвин
700 1 _aМашкина
_bО. А.
_gОльга Александровна
_4070
801 0 _aRU
_bRuMoRKP
_c20051201
_grcr
801 1 _aRU
_bРГБ
_c20051201
801 2 _aRU
_bNLR
_c20060213
_grcr
942 _cBOOK
980 _aNB
980 _aNBR